Les pays d'art et d'histoire - Dans quelle région ? - Statistiques

Statistiques générales
  • Ce quiz a été pris 12 fois
  • Le résultat moyen est 29 sur 77
Statistiques - réponses
Hint Explanation Réponse % Correct
Clos du Cotentin Manche Normandie
92%
Agglomération d'Annecy Haute-Savoie Auvergne-Rhône-Alpes
83%
Loire Touraine Indre-et-Loire Centre-Val-de-Loire
83%
Amiens métropole Somme Hauts-de-France
83%
Vallée du Cher et Romarantinais Loir-et-Cher Centre-Val-de-Loire
75%
Guebwiller Haut-Rhin Grand Est
75%
Agglomération de Saint-Quentin-en-Yvelines Yvelines Ile-de-France
75%
Riom Puy-de-Dôme Auvergne-Rhône-Alpes
67%
Coutances mer et bocage Manche Normandie
67%
Auxerrois Yonne Bourgogne-Franche-Comté
58%
Morlaix Finistère Bretagne
58%
Hautes terres corréziennes et Ventadour Corrèze Nouvelle-Aquitaine
58%
Ile de Ré Charente-Maritime Nouvelle-Aquitaine
58%
Midi-Quercy Tarn-et-Garonne Occitanie
58%
Agglo d'Issoire Puy-de-Dôme Auvergne-Rhône-Alpes
50%
Quimperlé Finistère Bretagne
50%
Lens-Liévin Pas-de-Calais Hauts-de-France
50%
Saint-Omer Pas-de-Calais Hauts-de-France
50%
Métropole Rouen Seine-Maritime Normandie
50%
Saint-Jean-de-Luz et Ciboure Pyrénées-Atlantiques Nouvelle-Aquitaine
50%
Mende et Lot-en-Gévaudan Lozère Occitanie
50%
Rodez agglomération Aveyron Occitanie
50%
Estuaires Maroni-Mana Guyane Outre-mer
50%
Vignoble nantais Loire-Atlantique Pays-de-la-Loire
50%
Perche Sarthois Sarthe Pays-de-la-Loire
50%
Haut-Allier Haute-Loire Auvergne-Rhône-Alpes
42%
Saint-Flour communauté Cantal Auvergne-Rhône-Alpes
42%
Evian - Vallée d'Abondance Haute-Savoie Auvergne-Rhône-Alpes
42%
Forez Loire Auvergne-Rhône-Alpes
42%
Hautes vallées de Savoie Savoie Auvergne-Rhône-Alpes
42%
Auxois Morvan Côte d'or Bourgogne-Franche-Comté
42%
Epinal, coeur des Vosges Vosges Grand Est
42%
Santerre Haut de Somme Somme Hauts-de-France
42%
Le Havre Seine Seine-Maritime Normandie
42%
Grand Angoulême Charente Nouvelle-Aquitaine
42%
Pyrénées béarnaises Pyrénées-Atlantiques Nouvelle-Aquitaine
42%
Bastides du Rouergue Aveyron Occitanie
42%
Haut-Languedoc et vignobles Hérault Occitanie
42%
Grand Auch Gers Occitanie
42%
Pyrénées cathares Ariège Occitanie
42%
Serre-Ponçon Ubaye Durance Hautes-Alpes & Alpes-de-Haute-Provence Provence-Alpes-Côte-d'Azur
42%
Voironnais Isère Auvergne-Rhône-Alpes
33%
Agglomération du Puy-en-Velay Haute-Loire Auvergne-Rhône-Alpes
33%
Billom Communauté Puy-de-Dôme Auvergne-Rhône-Alpes
33%
Valence Romans agglo Drôme Auvergne-Rhône-Alpes
33%
Etampois Essonne Ile-de-France
33%
Vézère d'Ardoise Corrèze Nouvelle-Aquitaine
33%
Châtelleraudais Vienne Nouvelle-Aquitaine
33%
Confolentais Charente Nouvelle-Aquitaine
33%
Pézenas Hérault Occitanie
33%
Vallées d'Aure et du Louron Hautes-Pyrénées Occitanie
33%
Provence verte Verdon Var Provence-Alpes-Côte-d'Azur
33%
Ventoux Comtat venaissin Vaucluse Provence-Alpes-Côte-d'Azur
33%
Charolais-Brionnais Saône-et-Loire Bourgogne-Franche-Comté
25%
Senlis à Ermenonville Oise Hauts-de-France
25%
Plaine commune Seine-Saint-Denis Ile-de-France
25%
Mellois en Poitou Deux-Sèvres Nouvelle-Aquitaine
25%
Grand Villeneuvois Lot-et-Garonne Nouvelle-Aquitaine
25%
Conflent Canigo Pyrénées-Orientales Occitanie
25%
Beaujolais Rhône Auvergne-Rhône-Alpes
17%
Dombes Saône Vallée Ain Auvergne-Rhône-Alpes
17%
Entre Cluny et Tournus Saône-et-Loire Bourgogne-Franche-Comté
17%
Montbéliard Doubs Bourgogne-Franche-Comté
17%
Langres Haute-Marne Grand Est
17%
Vienne et Gartempe Vienne Nouvelle-Aquitaine
17%
Tech et Ter Pyrénées-Orientales Occitanie
17%
Causses et vallée de la Dordogne Lot Occitanie
17%
Jovinien Yonne Bourgogne-Franche-Comté
8%
Loire Val d'Aubois Cher Centre-Val-de-Loire
8%
Vexin français Val d'Oise & Yvelines Ile-de-France
8%
Parthenay-Gâtine Deux-Sèvres Nouvelle-Aquitaine
8%
Monts et Barrages Haute-Vienne Nouvelle-Aquitaine
8%
Portes du Sud Réunion Outre-mer
8%
Moulins Communauté Allier & Nièvre Auvergne-Rhône-Alpes & Bourgogne-Franche-Comté
0%
Rohan Morbihan Bretagne
0%
Val d'argent Haut-Rhin Grand Est
0%
Vallée du Loir Sarthe Pays-de-la-Loire
0%
Aucun quiz correspondant
Distribution des résultats
% des personnes avec chaque résultat
Percentile par nombre de réponses
Votre historique - résultats
Vous n’avez pas pris ce quiz